000
00282nam a2200121Ia 4500
008
190216s9999||||xx |||||||||||||| ||und||
100
_a
Zigel F
245
0
_a
Wonders Of The Night Sky
260
_b
Mir Publishers
_c
1964
300
_a
208p
650
_a
English General
942
_c
BK
999
_c
12025
_d
12025